Cómo redactar objetivos de instrucción
-д хадгалсан:
| Үндсэн зохиолчид: | , |
|---|---|
| Формат: | Ном |
| Хэл сонгох: | испани |
| Хэвлэсэн: |
Ciudad de México
Trillas
1983
|
| Нөхцлүүд: | |
| Шошгууд: |
Шошго нэмэх
Шошго байхгүй, Энэхүү баримтыг шошголох эхний хүн болох!
|
MARC
| LEADER | 00000nam a2200000 a 4500 | ||
|---|---|---|---|
| 001 | UCW6138 | ||
| 003 | CL-VaPUC | ||
| 008 | 911017e19830000MX |||||||||||||||||spa|d | ||
| 082 | 0 | 4 | |a 371.3028 |b DIL |2 21 |
| 100 | 0 | |a Dillman, Caroline Matheny |e author |9 311128 | |
| 700 | 0 | |a Rahnlow, Harold F |e author |9 311129 | |
| 245 | 1 | 0 | |a Cómo redactar objetivos de instrucción |
| 300 | |a 152 p | ||
| 942 | |c BK | ||
| 945 | |d 19911017 00:00:00 | ||
| 260 | |a Ciudad de México |b Trillas |c 1983 | ||
| 650 | 0 | |a Objetivos educativos |9 306344 | |
| 650 | 0 | |a Planificación de la educación |9 307333 | |
| 583 | |a last modification |c 19911017 00:00:00 |k Rodrigo Vera | ||
| 999 | |c 219299 |d 219297 | ||
| 952 | |0 0 |1 0 |4 0 |6 371_302800000000000_DIL_1983 |7 0 |8 A |9 210048 |a BIBEDU |b BIBEDU |d 2019-11-15 |i 2781409 |o 371.3028 DIL 1983 |p 2781409 |r 2019-11-15 |w 2019-11-15 |y BK |k EDU | ||